000 00686nam a2200253 a 4500
001 68866
003 BD-RjUL
005 20211209081822.0
008 170406s1983 ohua b 001 0 eng d
020 _a06752002202
035 _a(BD-RjUL)69077
040 _aWASKC
_beng
_cWASKC
_dBD-RjUL
041 _aeng
082 1 4 _a551
_223
_bFOG 1983
100 1 _aFoster, Robert J.
_9204057
245 1 0 _aGeneral geology /
_cRobert J. Foster
250 _a4th ed.
260 _aColumbus, Ohio :
_bC.E. Merrill,
_c1983.
300 _axiii, 574 p. :
_bill. ;
_c26 cm.
504 _aIncludes bibliographies and index.
650 0 _aGeology.
_9204058
942 _2ddc
_cBK
999 _c68866
_d68866